000
00281nam a22001217a 4500
020
_a
0-04-900008-X
082
_a
355.03 EGG'D
100
_a
EGGENBERGER, DAVID
_9
48710
245
_a
A DICTIONARY OF BATTLES
260
_a
LONDON
_b
GEORGE ALLAN
_c
1967
300
_a
526P
942
_c
BK
999
_c
581816
_d
581816